00877nam a22002177a 4500999001700000003000900017008004100026040007100067082002000138100003500158245003900193260003200232300002700264505017500291650002200466650001700488650002100505942001500526945002000541952009800561 c13622d13622AR-CdUCM190415b ||||| |||| 00| 0 spa d aMUNICIPALIDAD PROVINCIAL DEL CUSCOcBIBLIOTECA MUNICIPAL DEL CUSCO aTS / 104 /bT18 aTamayo Herrera, José Armando aDe la filosofía y el filosofar / aCuzco :bH.G. Rozas,c1964. a66 páginas ;c22 cm. aContenido: La filosofía, el primer problema del filosofar -- Filosofía, un concepto que se transforma y se complica -- Partiendo del hombre hallaremos la filosofía. aConferencias9376 aEnsayos9375 aFilosofía9395 2ddccTESIS acmmd2019-04-15 002ddc4070aSCAbSCAcREFd2019-04-15g10.00oTS / 104 / T18pSCA0002885r2019-04-15yTESIS